Робинзон крузо (Бичлэгийн дугаар. 1092879)

MARC дэлгэрэнгүй
000 -Удирдлага
Ном зүйн бүртгэл тоо буюу кодлох утгыг агуулсан 00711nam a22002177a 4500
008 - ЕРӨНХИЙ МЭДЭЭЛЭЛ-ЭЛЕМЕНТҮҮДИЙН ӨГӨГДЛИЙН УРТ
fixed length control field 240702b mp ||||| |||| 00| 0 mon d
035 ## - СИСТЕМИЙН ХЯНАЛТЫН ДУГААР
Системийн хяналтын дугаар 24965
040 ## - ЭХ СУРВАЛЖИЙГ ТОДОРХОЙЛОН БИЧИХ
Анхны каталогийн байгууллага ZA2481090
Каталогийн хэл Монгол
Бичлэг хийж нэвтрүүлэх байгууллага MN-UlNLM
Өөрчлүүлэх байгууллага MN-UlNLM
Бичиглэлийн тодорхойлолт rda
041 ## - ХЭЛНИЙ КОД
Текстийн хэлний код/фонограм буюу салангид гарчиг Монгол
042 ## - AUTHENTICATION CODE
Authentication code 55169
084 ## - БУСАД АНГИЛЛЫН ДУГААР
Ангиллын нэр Номын сан номзүйн ангилал
Анги 84/4ИхБр/-44
Зохиогчийн 3-н тэмдэгт Д-401
100 ## - ЗОХИОГЧИЙН ХЭСЭГ
Зохиогчийн нэр Дефо Д.
245 #0 - ҮНДСЭН ГАРЧИГ
Гарчиг Робинзон крузо
264 ## - ГАРАЛТЫН МЭДЭЭ
Хэвлэгдсэн газар улаанбаатар
Бүтээгч, хэвлэгч, түгээгч, үйлдвэрлэгчийн нэр Их билигт ХХК
Хэвлэгдсэн он 2007
300 ## - ТООНЫ МЭДЭЭ
Хуудасны тоо 245х.
336 ## - АГУУЛГЫН ТӨРӨЛ
Нөөц rdacontent
Агуулгын төрлийн нөхцөл text
Агуулгын төрлийн код txt
337 ## - MEDIA TYPE
Эх сурвалж rdamedia
Файлын төрөл unmediated
Файлын код n
338 ## - CARRIER TYPE
Source rdacarrier
Carrier type term volume
Carrier type code nc
650 ## - Сэдэв
Сэдэв Тэнгис дээрх анхны тохиолдол, Зэрлэг хүмүүстэй уулзсан нь
942 ## - ЭЛЕМЕНТИЙН ТӨРӨЛ
Анги Номын сан номзүйн ангилал
Төрөл Ном
Захиалгууд
Буцаан татагдсан төлөв Хасагдсан шалтгаан Гэмтсэн төлөв Данс заагч Захиалах боломжгүй Үндсэн номын сан Одоогийн байршил Салбар танхим Салбар танхим Бүртгэсэн огноо Тавиурын заалт Баркод Үнэ Хамгийн сүүлд байсан огноо Нийт уншлаганд гарсан тоо Дансны дугаар Төрөл
          Завхан аймаг Завхан аймаг Завхан | Хүүхдийн уншлагын танхим Завхан | Хүүхдийн уншлагын танхим 2024-07-06 84/4ИхБр/-44 Д-401 ZA24824965-2-1 4000.00 2024-07-06   105225 Ном